| 000 | 00513nam a2200169Ia 4500 | ||
|---|---|---|---|
| 003 | IN-BaIIA | ||
| 008 | 211028s9999 xx 000 0 eng d | ||
| 040 | _cIIA Library | ||
| 080 |
_a550.38 _bAZP |
||
| 100 |
_aAzpiazu, Uealdo De _92667 |
||
| 245 | 0 |
_aMagnetismo terrestre _cpor Ubaldo de Azpiazu and Rodrigo Gil. |
|
| 260 |
_aMadrid _bTallers Del Instituto Geo Eraico Y Estadistico _c1919 |
||
| 300 | _avi, 101p. | ||
| 650 | _aAstronomy and Astrophysics Thesaurus | ||
| 700 |
_aGil Rodrigogil _92668 |
||
| 942 | _cBK | ||
| 999 |
_c1285 _d1285 |
||